00800cam a2200205Ma 450000500170000000800410001702000180005804000500007604100080012610000180013424500870015226000560023930000590029550400530035465000280040765000300043565000450046565000400051065000440055020150430132931.0150213s2013 xxuad fr 001 0 eng d a9780470408797 aCO-BoUCMbspacJose A. GerenadJose A. Gerena0 aeng1 aMcLaren, John10aInternational trade beconomic analysis of globalization and policy cJohn McLaren aHoboken (Nueva Jersey, Estados Unidos)bWileyc2013 axxi, 329 páginasbilustraciones, cuadros, gráficas aIncluye referencias bibliográficas e índices 7aComercio internacional  7aEconomía internacional  7aRelaciones económicas internacionales  7aPolítica comercial internacional  7aGlobalización xAspectos económicos